000 00597cam a2200217 i 4500
001 3192993
005 20171219092218.0
008 770520s1977 nyu b 001 0 eng
010 _a 77009376
020 _a0231043961.
_a023104397X
040 _aDLC
_cDLC
_dDLC
041 _aeng
080 _a327 BER
082 0 0 _a327 BER
100 _a19
101 _aPOL
245 0 0 _aUnofficial diplomats /
_cMaureen R. Berman and Joseph E. Johnson, editors.
504 _aIncludes bibliographical references and index.
906 _a7
_bcbc
_corignew
_d1
_eocip
_f19
_gy-gencatlg
942 _2ddc
_cBK
999 _c39190
_d39190